[Event "St Petersburg Botvinnik Memorial op"]
[Site "St Petersburg"]
[Date "2012.08.29"]
[Round "5"]
[White "Dotsenko, Sergey"]
[Black "Zarivkina, Victorya"]
[Result "1-0"]
[WhiteElo "2188"]
[BlackElo "2072"]
[PlyCount "119"]
[EventDate "2012.08.25"]
[EventType "swiss"]
[EventRounds "9"]
[EventCountry "RUS"]
[SourceTitle "CBM 150 Extra"]
[Source "ChessBase"]
[SourceDate "2012.10.19"]
[SourceVersion "1"]
[SourceVersionDate "2012.10.19"]
[SourceQuality "1"]

1. e4 c5 2. b4 e5 3. Bb2 Nc6 4. Nf3 Qc7 5. Bc4 Be7 6. bxc5 Bxc5 7. 0-0 Nf6 8. Nc3 0-0 9. Nd5 Nxd5 10. Bxd5 d6 11. h3 Be6 12. c4 Qe7 13. Rb1 Rab8 14. Bc3 Qf6 15. d3 Qe7 16. Qd2 Kh8 17. Qg5 Qxg5 18. Nxg5 Bxd5 19. exd5 Nd4 20. Bxd4 Bxd4 21. g4 h6 22. Ne4 Rfd8 23. Kg2 g6 24. Ng3 b6 25. h4 Rb7 26. g5 Rdb8 27. Ne4 Bc5 28. a4 a6 29. f4 exf4 30. Rxf4 Kg7 31. Rbf1 Rf8 32. Rf6 b5 33. axb5 axb5 34. Nxd6 Bxd6 35. Rxd6 hxg5 36. hxg5 bxc4 37. dxc4 Rc8 38. Rf4 Rbc7 39. Rdf6 Rxc4 40. Rxf7+ Kg8 41. Kf3 Rc1 42. R7f6 Kg7 43. Ke4 R8c4+ 44. Ke5 Re1+ 45. Kd6 Rxf4 46. Rxf4 Rg1 47. Ke6 Re1+ 48. Kd7 Re5 49. d6 Rxg5 50. Kc6 Ra5 51. d7 Ra8 52. Kb7 Rh8 53. Re4 Kf6 54. Re8 Rh7 55. Kc6 Rxd7 56. Kxd7 g5 57. Kd6 Kf5 58. Kd5 g4 59. Rf8+ Kg5 60. Ke4 1-0

[Event "St Petersburg Botvinnik Memorial op"]
[Site "St Petersburg"]
[Date "2012.08.28"]
[Round "4"]
[White "Zarivkina, Victorya"]
[Black "Bezobrazov, Lev"]
[Result "1-0"]
[WhiteElo "2072"]
[BlackElo "1675"]
[PlyCount "139"]
[EventDate "2012.08.25"]
[EventType "swiss"]
[EventRounds "9"]
[EventCountry "RUS"]
[SourceTitle "CBM 150 Extra"]
[Source "ChessBase"]
[SourceDate "2012.10.19"]
[SourceVersion "1"]
[SourceVersionDate "2012.10.19"]
[SourceQuality "1"]

1. e4 e5 2. Nc3 Nc6 3. g3 g6 4. Bg2 Bg7 5. Nge2 Nge7 6. d3 d6 7. Be3 Be6 8. d4 exd4 9. Nxd4 Bd7 10. 0-0 0-0 11. Qd2 a6 12. Nxc6 Bxc6 13. Bh6 Bxh6 14. Qxh6 Kh8 15. Rad1 Ng8 16. Qe3 Re8 17. Qd4+ Qf6 18. Qd2 Rad8 19. f4 Qe7 20. Nd5 Bxd5 21. Qxd5 c6 22. Qb3 Nh6 23. Qb4 Kg8 24. e5 d5 25. Qxe7 Rxe7 26. Bh3 Kf8 27. Rd4 Ng8 28. c4 Ree8 29. cxd5 Rxd5 30. Rxd5 cxd5 31. Bg2 Rd8 32. Rc1 Ne7 33. Rc7 Rb8 34. g4 Ke8 35. Kf2 Kd8 36. Rc2 Kd7 37. Ke3 Ke6 38. Rc7 h6 39. Bh3 f5 40. exf6 Kxf6 41. g5+ hxg5 42. fxg5+ Kf7 43. Bg4 Kf8 44. Kd4 b6 45. Ke5 b5 46. Be6 Rd8 47. Kf6 Ng8+ 48. Kxg6 d4 49. Rf7+ Ke8 50. Rf2 Rd6 51. Kf5 Ne7+ 52. Ke5 Rd8 53. Bf7+ Kf8 54. Ke6 Nc6 55. Bh5+ Kg8 56. Bf3 Nb4 57. a3 Nd3 58. Rd2 Nc5+ 59. Ke7 Rd7+ 60. Ke8 Rd6 61. h4 Nb3 62. Rd1 Re6+ 63. Kd7 Nc5+ 64. Kc7 Re8 65. Bd5+ Kg7 66. Rxd4 Na4 67. b4 Nc3 68. Bb7 Re7+ 69. Kb6 Na4+ 70. Kxa6 1-0

[Event "Voronezh op-B 15th"]
[Site "Voronezh"]
[Date "2011.06.17"]
[Round "6"]
[White "Zarivkina, Victorya"]
[Black "Fadin, Evgeny"]
[Result "1-0"]
[WhiteElo "2059"]
[BlackElo "2161"]
[PlyCount "87"]
[EventDate "2011.06.12"]
[EventType "swiss"]
[EventRounds "9"]
[EventCountry "RUS"]
[SourceTitle "CBM 143 Extra"]
[Source "ChessBase"]
[SourceDate "2011.08.29"]
[SourceVersion "1"]
[SourceVersionDate "2011.08.29"]
[SourceQuality "1"]

1. e4 c5 2. Nc3 Nc6 3. Nf3 e6 4. g3 d6 5. Bg2 Nf6 6. 0-0 Be7 7. d4 cxd4 8. Nxd4 Bd7 9. Ndb5 Qb8 10. Bf4 Ne5 11. a4 a6 12. Na3 Qc7 13. h3 0-0 14. Qd2 Rfd8 15. Be3 d5 16. Bf4 dxe4 17. Qe2 Rac8 18. Nxe4 Nd5 19. Bxe5 Qxe5 20. c4 Nb4 21. b3 Bc6 22. Rad1 g6 23. f4 Qg7 24. Nb1 Rd4 25. Rxd4 Qxd4+ 26. Kh2 Rd8 27. Nbc3 f5 28. Rd1 Nd3 29. Nd5 exd5 30. Rxd3 dxe4 31. Rxd4 Rxd4 32. Qe3 Rd3 33. Qb6 Bd8 34. Qc5 Rxb3 35. Qd6 Rd3 36. Qe6+ Kg7 37. g4 Rd2 38. Kg3 Rd3+ 39. Kh2 Rd2 40. Kg3 Bxa4 41. gxf5 Bd7 42. Qe5+ Bf6 43. Qc7 gxf5 44. Qxb7 1-0

[Event "Voronezh op-B 15th"]
[Site "Voronezh"]
[Date "2011.06.12"]
[Round "1"]
[White "Kostin, Yury"]
[Black "Zarivkina, Victorya"]
[Result "0-1"]
[WhiteElo "1725"]
[BlackElo "2059"]
[PlyCount "50"]
[EventDate "2011.06.12"]
[EventType "swiss"]
[EventRounds "9"]
[EventCountry "RUS"]
[SourceTitle "CBM 143 Extra"]
[Source "ChessBase"]
[SourceDate "2011.08.29"]
[SourceVersion "1"]
[SourceVersionDate "2011.08.29"]
[SourceQuality "1"]

1. e4 c5 2. Nf3 d6 3. Nc3 Nc6 4. d4 cxd4 5. Nxd4 e5 6. Nb3 Nf6 7. Be2 Be6 8. Be3 Be7 9. Qd2 a6 10. Bf3 0-0 11. h3 b5 12. g4 Na5 13. Nd5 Bxd5 14. exd5 Nc4 15. Qd3 Nxb2 16. Qc3 Nc4 17. g5 Nd7 18. h4 Rc8 19. Qb4 Nxe3 20. fxe3 Rxc2 21. 0-0 Rc4 22. Qd2 Rxh4 23. Na5 Bxg5 24. Nc6 Qb6 25. Rfe1 f5 0-1

[Event "Moscow op-D (Women)"]
[Site "Moscow"]
[Date "2011.02.04"]
[Round "7"]
[White "Zarivkina, Victorya"]
[Black "Grebennikova, Tatyana"]
[Result "0-1"]
[WhiteElo "2084"]
[BlackElo "1981"]
[PlyCount "106"]
[EventDate "2011.01.29"]
[EventType "swiss"]
[EventRounds "9"]
[EventCountry "RUS"]
[SourceTitle "EXT 2012"]
[Source "ChessBase"]
[SourceDate "2011.11.24"]
[SourceVersion "1"]
[SourceVersionDate "2011.11.24"]
[SourceQuality "1"]

1. e4 d5 2. Nc3 dxe4 3. Nxe4 Bf5 4. Ng3 Bg6 5. d4 e6 6. h4 h6 7. h5 Bh7 8. c3 c6 9. Bd3 Bxd3 10. Qxd3 Nf6 11. Bf4 Nd5 12. Bd2 Qc7 13. 0-0-0 Nd7 14. Kb1 0-0-0 15. Nf3 N5f6 16. Qe2 Bd6 17. Nf1 c5 18. Ne3 Nb6 19. Nc4 Nxc4 20. Qxc4 cxd4 21. Qxc7+ Bxc7 22. Nxd4 Rd5 23. Be3 Rhd8 24. Kc2 Rxh5 25. Rxh5 Nxh5 26. Nb5 a6 27. Rh1 Nf6 28. Nxc7 Kxc7 29. Bd4 Ne8 30. Rh3 Rd5 31. f4 f6 32. Re3 Kd7 33. b4 Nd6 34. Bc5 b6 35. Bd4 Nf5 36. Rd3 Nxd4+ 37. cxd4 g5 38. fxg5 hxg5 39. Kc3 Rf5 40. Rd2 Kd6 41. a4 Kd5 42. Rd3 Rf2 43. Rg3 Ra2 44. Kb3 Rd2 45. Rf3 f5 46. g4 f4 47. a5 bxa5 48. bxa5 Kxd4 49. Rf1 Ke3 50. Re1+ Re2 51. Rc1 f3 52. Rc6 f2 53. Rxe6+ Kd2 0-1

[Event "Moscow op-D (Women)"]
[Site "Moscow"]
[Date "2011.02.01"]
[Round "4"]
[White "Niks, Yana"]
[Black "Zarivkina, Victorya"]
[Result "1/2-1/2"]
[WhiteElo "1878"]
[BlackElo "2084"]
[PlyCount "186"]
[EventDate "2011.01.29"]
[EventType "swiss"]
[EventRounds "9"]
[EventCountry "RUS"]
[SourceTitle "EXT 2012"]
[Source "ChessBase"]
[SourceDate "2011.11.24"]
[SourceVersion "1"]
[SourceVersionDate "2011.11.24"]
[SourceQuality "1"]

1. e4 c5 2. Nf3 d6 3. d4 cxd4 4. Nxd4 Nf6 5. Nc3 a6 6. Be2 e5 7. Nb3 Be6 8. Be3 Be7 9. 0-0 b5 10. a3 0-0 11. f4 Qc7 12. f5 Bc4 13. Kh1 Rd8 14. g4 d5 15. g5 Nxe4 16. Nxe4 dxe4 17. Qe1 Nd7 18. f6 Bf8 19. Qf2 Bxe2 20. Qxe2 Rac8 21. fxg7 Bxg7 22. Qf2 Rf8 23. c3 Qc6 24. Qf5 Rcd8 25. Nd2 Nc5 26. Bxc5 Qxc5 27. Nxe4 Qc6 28. Qf3 Kh8 29. Nf6 Qxf3+ 30. Rxf3 Rd2 31. Re1 Rxb2 32. Rxe5 Rd8 33. Ref5 Bxf6 34. Rxf6 Rd1+ 35. Rf1 Rxf1+ 36. Rxf1 Kg7 37. Rf6 a5 38. Rb6 Rb3 39. Kg2 a4 40. Kf2 Rxa3 41. Rxb5 Rxc3 42. Ra5 a3 43. Ra6 Rb3 44. Kg2 Rb2+ 45. Kg3 a2 46. h4 Kf8 47. Ra7 Ke8 48. Kf4 Kd8 49. Ke5 Rf2 50. Kd6 Kc8 51. Kc6 Kb8 52. Ra3 Re2 53. Kb6 Kc8 54. Ra7 Kd8 55. Kb5 Ke8 56. Kb4 Rh2 57. Kb3 Kf8 58. Kc3 Kg7 59. Kd3 Kg6 60. Ke3 Kh5 61. Kf3 Kxh4 62. Ra5 Rb2 63. Kf4 Rf2+ 64. Ke3 Rg2 65. Kf3 Rc2 66. Kf4 Kh3 67. Ke3 Kg4 68. Kd3 Rh2 69. Ke3 Rb2 70. Kd3 Kf4 71. Kc3 Rg2 72. Kd3 Rg3+ 73. Kd4 Rg2 74. Kd3 Rxg5 75. Rxa2 f5 76. Rh2 h5 77. Ke2 Kg3 78. Rh1 f4 79. Rg1+ Kh4 80. Rh1+ Kg4 81. Kf2 h4 82. Rh2 h3 83. Rh1 Ra5 84. Rg1+ Kf5 85. Rg8 h2 86. Kg2 f3+ 87. Kxh2 Kf4 88. Kg1 Rg5+ 89. Rxg5 Kxg5 90. Kf2 Kf4 91. Kf1 Ke3 92. Ke1 Kd3 93. Kf2 Ke4 1/2-1/2

[Event "Wch Blitz qf (Women)"]
[Site "Moscow"]
[Date "2010.09.14"]
[Round "9"]
[White "Abdumalik, Zhansaya"]
[Black "Zarivkina, Victorya"]
[Result "0-1"]
[WhiteElo "1870"]
[BlackElo "2084"]
[PlyCount "144"]
[EventDate "2010.09.14"]
[EventType "swiss (blitz)"]
[EventRounds "11"]
[EventCountry "RUS"]
[SourceTitle "CBM 138 Extra"]
[Source "ChessBase"]
[SourceDate "2010.10.29"]
[SourceVersion "1"]
[SourceVersionDate "2010.10.29"]
[SourceQuality "1"]

1. e4 c5 2. Nf3 d6 3. d4 cxd4 4. Nxd4 a6 5. Nc3 e5 6. Nb3 Nf6 7. Be2 Be7 8. 0-0 Be6 9. Be3 0-0 10. Kh1 b5 11. a3 d5 12. exd5 Nxd5 13. Bf3 Nxe3 14. Qxd8 Rxd8 15. fxe3 Ra7 16. Rad1 Rad7 17. Rxd7 Nxd7 18. Rd1 Nb6 19. Rxd8+ Bxd8 20. Nc5 Bc8 21. b4 Kf8 22. a4 bxa4 23. N3xa4 Nxa4 24. Nxa4 Ke7 25. Nc5 Bb6 26. Kg1 a5 27. c3 Kd6 28. Ne4+ Ke6 29. Ng5+ Kf6 30. Nxh7+ Ke7 31. Kf2 f6 32. g4 axb4 33. cxb4 Be6 34. g5 f5 35. g6 f4 36. Ke2 Bxe3 37. Ng5 Bc4+ 38. Ke1 Kf6 39. Ne4+ Kxg6 40. Nd6 Bd3 41. b5 Bc5 42. Be4+ Bxe4 43. Nxe4 Bb6 44. Ke2 Kf5 45. Nd6+ Ke6 46. Nc4 Bd4 47. Kd3 g5 48. b6 Kd7 49. Ke4 Kc6 50. Nxe5+ Bxe5 51. Kxe5 f3 52. Kf5 f2 53. Kxg5 f1Q 54. h4 Qf8 55. h5 Qg8+ 56. Kf6 Qh7 57. Kg5 Qg7+ 58. Kf5 Qh6 59. Kg4 Kxb6 60. Kh4 Kc6 61. Kg4 Kd6 62. Kf5 Qxh5+ 63. Ke4 Qd5+ 64. Kf4 Qe5+ 65. Kg4 Qf6 66. Kg3 Qf5 67. Kg2 Qf4 68. Kg1 Qd2 69. Kf1 Ke5 70. Kg1 Kf4 71. Kh1 Kg3 72. Kg1 Qe1# 0-1

[Event "Wch Blitz qf (Women)"]
[Site "Moscow"]
[Date "2010.09.14"]
[Round "6"]
[White "Fatianova, Tatiana"]
[Black "Zarivkina, Victorya"]
[Result "1-0"]
[WhiteElo "2289"]
[BlackElo "2084"]
[PlyCount "92"]
[EventDate "2010.09.14"]
[EventType "swiss (blitz)"]
[EventRounds "11"]
[EventCountry "RUS"]
[SourceTitle "CBM 138 Extra"]
[Source "ChessBase"]
[SourceDate "2010.10.29"]
[SourceVersion "1"]
[SourceVersionDate "2010.10.29"]
[SourceQuality "1"]

1. e4 c5 2. b3 d6 3. Bb2 e5 4. Bc4 g6 5. d3 Bg7 6. Ne2 Ne7 7. 0-0 0-0 8. f4 Nbc6 9. fxe5 dxe5 10. Nbc3 a6 11. a4 Na5 12. Qd2 Nxc4 13. bxc4 f5 14. Qg5 Nc6 15. Qxd8 Rxd8 16. exf5 Bxf5 17. Ng3 Be6 18. Nce4 b6 19. Bc3 Nd4 20. Ra2 Rf8 21. a5 Rxf1+ 22. Kxf1 b5 23. Nxc5 Bf7 24. Bxd4 exd4 25. Rb2 bxc4 26. Rb6 cxd3 27. cxd3 Bf8 28. Rxa6 Rc8 29. Nce4 Rc1+ 30. Kf2 Ra1 31. Ne2 Ra2 32. Kf3 Ra4 33. g4 Bb3 34. Ra8 Bd1 35. Nf2 Bb3 36. Kg3 Kg7 37. Ne4 Bd1 38. Nf4 Bb3 39. a6 Bd5 40. Nxd5 Ra3 41. Nf2 Bd6+ 42. Kf3 Bxh2 43. Nf4 Ra2 44. Ne6+ Kf6 45. Nxd4 Ke5 46. Ne2 Kd5 1-0

[Event "Wch Blitz qf (Women)"]
[Site "Moscow"]
[Date "2010.09.14"]
[Round "5"]
[White "Zarivkina, Victorya"]
[Black "Sukhareva, Valentina"]
[Result "1-0"]
[WhiteElo "2084"]
[BlackElo "1972"]
[PlyCount "125"]
[EventDate "2010.09.14"]
[EventType "swiss (blitz)"]
[EventRounds "11"]
[EventCountry "RUS"]
[SourceTitle "CBM 138 Extra"]
[Source "ChessBase"]
[SourceDate "2010.10.29"]
[SourceVersion "1"]
[SourceVersionDate "2010.10.29"]
[SourceQuality "1"]

1. e4 e5 2. Nc3 d6 3. g3 Be6 4. Bg2 c6 5. Nf3 Be7 6. d4 Nd7 7. 0-0 h5 8. h3 Qc7 9. Be3 f6 10. Qd2 g5 11. d5 Bf7 12. Ne1 Nb6 13. dxc6 bxc6 14. b3 Be6 15. a4 Qd7 16. Kh2 Rd8 17. Rd1 Nh6 18. f3 Kf7 19. a5 Nc8 20. Qe2 d5 21. exd5 cxd5 22. Nxd5 Bxd5 23. c4 Qb7 24. cxd5 Qxb3 25. Qd3 Qxd3 26. Rxd3 Nd6 27. Bxa7 Ra8 28. Bb6 Nc4 29. d6 Nxd6 30. f4 Rac8 31. fxe5 Nc4 32. Bd5+ Kg7 33. exf6+ Bxf6 34. Rxf6 Kxf6 35. Bd4+ Kg6 36. Bxh8 Nxa5 37. Bd4 Nc4 38. Be4+ Kf7 39. Nf3 g4 40. Ng5+ Ke7 41. hxg4 Nxg4+ 42. Kh3 Nd6 43. Bf3 Nh6 44. Bxh5 Rc1 45. Re3+ Kd7 46. Bg4+ Kc6 47. Bf3+ Kb5 48. Be2+ Kc6 49. g4 Kd5 50. Bf6 Rh1+ 51. Kg2 Rb1 52. Bf3+ Kc4 53. Rc3+ Kb4 54. Rd3 Nc4 55. Rd4 Ng8 56. Bg7 Kc5 57. Ne6+ Kb4 58. Bd5 Rb2+ 59. Kg3 Rb3+ 60. Kh4 Rc3 61. Nc7 Kc5 62. Bxg8 Nd6 63. Rxd6 1-0

[Event "Moscow op-C (Women)"]
[Site "Moscow"]
[Date "2010.02.07"]
[Round "9.26"]
[White "Semenova, Elena"]
[Black "Zarivkina, Victorya"]
[Result "1-0"]
[WhiteElo "2208"]
[BlackElo "2089"]
[PlyCount "83"]
[EventDate "2010.01.30"]
[EventType "swiss"]
[EventRounds "9"]
[EventCountry "RUS"]
[SourceTitle "EXT 2023"]
[Source "ChessBase"]
[SourceDate "2022.10.05"]
[SourceVersion "1"]
[SourceVersionDate "2022.10.05"]
[SourceQuality "1"]

1. e4 c5 2. Nf3 d6 3. d4 cxd4 4. Nxd4 Nf6 5. Nc3 a6 6. f4 e6 7. Qf3 Be7 8. Be3 Qc7 9. 0-0-0 Nbd7 10. g4 0-0 11. g5 Ne8 12. Bh3 Nb6 13. f5 Nc4 14. f6 Bd8 15. fxg7 Nxg7 16. Kb1 Nxe3 17. Qxe3 Qc5 18. Rhg1 b5 19. Qf3 Bb7 20. Rg4 Rc8 21. Nb3 Qc7 22. Qd3 b4 23. e5 bxc3 24. Rh4 Nf5 25. Bxf5 exf5 26. Qxf5 f6 27. exf6 d5 28. Rxh7 Qxh7 29. g6 Qh6 30. Qe6+ Kh8 31. g7+ Kh7 32. gxf8Q Qxf8 33. Qd7+ Kh8 34. Qh3+ Kg8 35. Rg1+ Kf7 36. Qd7+ Be7 37. fxe7 Qe8 38. Rf1+ Kg7 39. Qg4+ Kh7 40. Qh4+ Kg7 41. Qf6+ Kh7 42. Rg1 1-0

[Event "Vladimir op-B"]
[Site "Vladimir"]
[Date "2009.08.28"]
[Round "9"]
[White "Zuykov, Andrei"]
[Black "Zarivkina, Victorya"]
[Result "0-1"]
[WhiteElo "2320"]
[BlackElo "2120"]
[PlyCount "44"]
[EventDate "2009.08.19"]
[EventType "swiss"]
[EventRounds "9"]
[EventCountry "RUS"]
[SourceTitle "EXT 2012"]
[Source "ChessBase"]
[SourceDate "2011.11.24"]
[SourceVersion "1"]
[SourceVersionDate "2011.11.24"]
[SourceQuality "1"]

1. e4 e5 2. Nf3 Nc6 3. Bb5 a6 4. Ba4 Nf6 5. 0-0 Be7 6. Re1 b5 7. Bb3 0-0 8. c3 d5 9. exd5 Nxd5 10. Nxe5 Nxe5 11. Rxe5 Nf6 12. d4 Bd6 13. Re1 Ng4 14. h3 Qh4 15. Qf3 Nxf2 16. Qxf2 Bh2+ 17. Kf1 Bg3 18. Qe2 Bxh3 19. gxh3 Rae8 20. Qg4 Rxe1+ 21. Kg2 Rxc1 22. Qxg3 Rg1+ 0-1

[Event "Vladimir op-B"]
[Site "Vladimir"]
[Date "2009.08.27"]
[Round "8"]
[White "Zarivkina, Victorya"]
[Black "Kukhmazov, Arsen"]
[Result "1-0"]
[WhiteElo "2120"]
[BlackElo "1904"]
[PlyCount "113"]
[EventDate "2009.08.19"]
[EventType "swiss"]
[EventRounds "9"]
[EventCountry "RUS"]
[SourceTitle "EXT 2012"]
[Source "ChessBase"]
[SourceDate "2011.11.24"]
[SourceVersion "1"]
[SourceVersionDate "2011.11.24"]
[SourceQuality "1"]

1. e4 e6 2. d4 b6 3. g3 Bb7 4. Bg2 f5 5. Nc3 Bb4 6. d5 Nf6 7. Bd2 fxe4 8. dxe6 dxe6 9. Nge2 0-0 10. 0-0 Nbd7 11. Nxe4 Bxe4 12. Bxb4 Bxg2 13. Kxg2 c5 14. Bc3 Nd5 15. Qd2 N7f6 16. Bxf6 Qxf6 17. c4 Qf3+ 18. Kg1 Nf6 19. Nf4 Ne4 20. Qe3 Ng5 21. Qxf3 Nxf3+ 22. Kg2 Nd4 23. Rae1 Kf7 24. Re5 Rad8 25. Rfe1 Rd6 26. R5e4 Rfd8 27. h4 a5 28. Nh3 Kf6 29. Ng5 h6 30. Rf4+ Ke7 31. Nf7 g5 32. hxg5 hxg5 33. Nxg5 Rf8 34. Rxf8 Kxf8 35. f4 Ke7 36. Rh1 Nf5 37. Re1 Rd2+ 38. Kh3 Nd4 39. Nxe6 Kf6 40. Nxd4 cxd4 41. Re4 a4 42. Kg4 Rxb2 43. Rxd4 Ke7 44. Rd5 Rxa2 45. Rb5 Rc2 46. Rxb6 Rxc4 47. Ra6 Kd7 48. Kg5 Kc7 49. f5 Kb7 50. Re6 a3 51. Re2 Ra4 52. Ra2 Kc7 53. Kf6 Kd7 54. g4 Ra8 55. g5 Rf8+ 56. Kg6 Rg8+ 57. Kh6 1-0

[Event "Vladimir op-B"]
[Site "Vladimir"]
[Date "2009.08.26"]
[Round "7"]
[White "Telenkov, Artur"]
[Black "Zarivkina, Victorya"]
[Result "0-1"]
[WhiteElo "1786"]
[BlackElo "2120"]
[PlyCount "96"]
[EventDate "2009.08.19"]
[EventType "swiss"]
[EventRounds "9"]
[EventCountry "RUS"]
[SourceTitle "EXT 2012"]
[Source "ChessBase"]
[SourceDate "2011.11.24"]
[SourceVersion "1"]
[SourceVersionDate "2011.11.24"]
[SourceQuality "1"]

1. e4 g6 2. d4 Bg7 3. Nf3 e6 4. Be3 Ne7 5. Nc3 d5 6. e5 h6 7. Bd3 Nd7 8. h3 c6 9. Qd2 Qc7 10. b4 b6 11. Rb1 a6 12. Na4 Nf8 13. Nb2 Nf5 14. a4 Nxe3 15. Qxe3 Nd7 16. c3 Bb7 17. 0-0 0-0 18. h4 Qd8 19. Bc2 Re8 20. Qd3 Qe7 21. g3 Nf8 22. Nh2 c5 23. Nd1 Rec8 24. Rb2 Rc7 25. Ne3 cxd4 26. cxd4 Rac8 27. b5 Rc3 28. Qd2 a5 29. Rfb1 f6 30. Neg4 fxe5 31. Nxe5 Bxe5 32. dxe5 Qc7 33. Bxg6 Nxg6 34. Qxh6 Qg7 35. Qxg7+ Kxg7 36. Re1 d4 37. h5 Ne7 38. g4 Rc1 39. Rb1 Rxb1 40. Rxb1 d3 41. Rd1 Rc3 42. f4 Kh6 43. Kf2 Rc2+ 44. Kg3 Rc3 45. Kh4 Be4 46. g5+ Kg7 47. Ng4 d2 48. Nh2 Bf5 0-1

[Event "Vladimir op-B"]
[Site "Vladimir"]
[Date "2009.08.21"]
[Round "3"]
[White "Tantsov, Peter"]
[Black "Zarivkina, Victorya"]
[Result "0-1"]
[WhiteElo "1762"]
[BlackElo "2120"]
[PlyCount "110"]
[EventDate "2009.08.19"]
[EventType "swiss"]
[EventRounds "9"]
[EventCountry "RUS"]
[SourceTitle "EXT 2012"]
[Source "ChessBase"]
[SourceDate "2011.11.24"]
[SourceVersion "1"]
[SourceVersionDate "2011.11.24"]
[SourceQuality "1"]

1. d4 Nf6 2. Nf3 g6 3. c4 Bg7 4. Nc3 0-0 5. e4 d6 6. Be2 Nbd7 7. 0-0 e5 8. dxe5 Nxe5 9. Nxe5 dxe5 10. Qxd8 Rxd8 11. Be3 c6 12. f3 Be6 13. Rad1 Re8 14. b4 Bf8 15. b5 Bb4 16. Na4 cxb5 17. cxb5 Bxa2 18. Ra1 Be6 19. Nc5 Bxc5 20. Bxc5 b6 21. Be3 Rec8 22. Rfc1 Rxc1+ 23. Rxc1 Rc8 24. Kf2 Rxc1 25. Bxc1 Kf8 26. Bb2 Nd7 27. Ke3 f6 28. Kd2 Kf7 29. Kc3 f5 30. Ba3 fxe4 31. fxe4 Nf6 32. Bd3 Ne8 33. Bc4 Bxc4 34. Kxc4 Ke6 35. h3 Ng7 36. Kd3 Nh5 37. Ke3 Nf4 38. Kf3 Nd3 39. Ke3 Ne1 40. Kf2 Nc2 41. Bb2 Nb4 42. Kg3 a5 43. bxa6 Nxa6 44. Kf3 Nc5 45. Ke3 Nd7 46. Kd3 Kd6 47. Kc4 Nf6 48. Ba3+ Kc6 49. Bb2 Nd7 50. h4 b5+ 51. Kb4 Nc5 52. Ka5 Nd3 53. Bc3 Kc5 54. g4 b4 55. Ba1 b3 0-1

[Event "Central FO-ch (Women)"]
[Site "Gagarin"]
[Date "2009.05.02"]
[Round "2"]
[White "Zarivkina, Victorya"]
[Black "Ogloblina, Lidiya"]
[Result "0-1"]
[WhiteElo "2113"]
[BlackElo "2116"]
[PlyCount "86"]
[EventDate "2009.05.01"]
[EventType "swiss"]
[EventRounds "7"]
[EventCountry "RUS"]
[SourceTitle "CBM 130 Extra"]
[Source "ChessBase"]
[SourceDate "2009.07.02"]
[SourceVersion "2"]
[SourceVersionDate "2009.07.15"]
[SourceQuality "1"]

1. e4 e5 2. Nc3 Nf6 3. g3 Nc6 4. Bg2 Bc5 5. Nf3 a6 6. 0-0 d6 7. d3 Nd4 8. Nxd4 Bxd4 9. Ne2 Bb6 10. d4 Bg4 11. f3 Bd7 12. Be3 Qe7 13. Qd2 0-0 14. c4 Rae8 15. Rad1 h6 16. Kh1 Be6 17. b3 Rd8 18. d5 Bxe3 19. Qxe3 Bc8 20. g4 Nh7 21. Ng3 Qg5 22. Qf2 g6 23. Rg1 Kh8 24. Bf1 Qh4 25. c5 f5 26. cxd6 cxd6 27. gxf5 gxf5 28. Qg2 Ng5 29. Bd3 Nh3 30. exf5 Bxf5 31. Bxf5 Rxf5 32. Rge1 Rg5 33. Re4 Nf4 34. Qf2 Rdg8 35. Rg1 R8g7 36. Rc4 Qh3 37. Rxf4 exf4 38. Ne2 Rxg1+ 39. Nxg1 Qf5 40. Qb6 Qxd5 41. Qd8+ Kh7 42. Qf6 Qc5 43. Ne2 Qc2 0-1

[Event "Central FO-ch (Women)"]
[Site "Gagarin"]
[Date "2009.05.01"]
[Round "1"]
[White "Loskutova, Anastasia"]
[Black "Zarivkina, Victorya"]
[Result "0-1"]
[WhiteElo "1665"]
[BlackElo "2113"]
[PlyCount "88"]
[EventDate "2009.05.01"]
[EventType "swiss"]
[EventRounds "7"]
[EventCountry "RUS"]
[SourceTitle "CBM 130 Extra"]
[Source "ChessBase"]
[SourceDate "2009.07.02"]
[SourceVersion "2"]
[SourceVersionDate "2009.07.15"]
[SourceQuality "1"]

1. e4 c5 2. Nf3 Nc6 3. d4 cxd4 4. Nxd4 e5 5. Nb5 d6 6. N1c3 a6 7. Na3 Nf6 8. Bg5 Be7 9. Nc4 Nd4 10. Bd3 Be6 11. 0-0 0-0 12. Ne2 Nc6 13. c3 Bxc4 14. Bxc4 Nxe4 15. Bxe7 Qxe7 16. Qc2 Nf6 17. Rad1 Rac8 18. Rfe1 Ng4 19. h3 Nxf2 20. Kxf2 Qh4+ 21. Ng3 Qxc4 22. Ne4 d5 23. Nd2 Qc5+ 24. Kf1 Rfd8 25. Nb3 Qb6 26. Qf2 Qxf2+ 27. Kxf2 b6 28. Nc1 f6 29. Ne2 Kf7 30. Ng3 d4 31. cxd4 Nxd4 32. Rd2 Rc2 33. Rxc2 Nxc2 34. Re2 Nd4 35. Rd2 Rc8 36. Ne4 Ke6 37. Nc3 f5 38. g3 b5 39. Ne2 Nxe2 40. Kxe2 g5 41. Kf3 h5 42. a3 a5 43. Kf2 h4 44. gxh4 gxh4 0-1

[Event "Moscow op-B"]
[Site "Moscow"]
[Date "2009.02.06"]
[Round "7"]
[White "Zimin, Alexey"]
[Black "Zarivkina, Victorya"]
[Result "1/2-1/2"]
[WhiteElo "2193"]
[BlackElo "2058"]
[PlyCount "25"]
[EventDate "2009.01.31"]
[EventType "swiss"]
[EventRounds "9"]
[EventCountry "RUS"]
[SourceTitle "EXT 2012"]
[Source "ChessBase"]
[SourceDate "2011.11.24"]
[SourceVersion "1"]
[SourceVersionDate "2011.11.24"]
[SourceQuality "1"]

1. e4 g6 2. d4 Bg7 3. Nc3 e6 4. Be3 Ne7 5. Bd3 b6 6. Qd2 h6 7. Nge2 Ba6 8. Ng3 Bxd3 9. cxd3 d6 10. Nce2 Nd7 11. f4 c5 12. 0-0 0-0 13. f5 1/2-1/2

[Event "Moscow-ch (Women)"]
[Site "Moscow"]
[Date "2008.03.24"]
[Round "5"]
[White "Zarivkina, Victorya"]
[Black "Kalmykova, Anastasia"]
[Result "1-0"]
[WhiteElo "2113"]
[BlackElo "2124"]
[PlyCount "113"]
[EventDate "2008.03.20"]
[EventType "swiss"]
[EventRounds "9"]
[EventCountry "RUS"]
[SourceTitle "CBM 123 Extra"]
[Source "ChessBase"]
[SourceDate "2008.05.06"]
[SourceVersion "1"]
[SourceVersionDate "2008.05.06"]
[SourceQuality "1"]

1. d4 Nf6 2. c4 e6 3. Nc3 Bb4 4. g3 d5 5. c5 c6 6. Bg2 Nbd7 7. e3 e5 8. Nge2 0-0 9. 0-0 Re8 10. a3 Ba5 11. b4 Bc7 12. h3 b5 13. a4 bxa4 14. Qxa4 Bb7 15. b5 Re6 16. Qa2 e4 17. Bd2 Nf8 18. Rfb1 h5 19. Qb3 h4 20. g4 Bb8 21. Nf4 Re8 22. bxc6 Bxc6 23. Ra6 Qd7 24. Rxc6 Qxc6 25. Nfxd5 Nxd5 26. Qxd5 Qxd5 27. Nxd5 Nd7 28. Nc3 a5 29. Bxe4 Ra6 30. Bb7 Rae6 31. c6 Nf6 32. Ra1 Rd8 33. Rxa5 Ne8 34. Nb5 Nc7 35. Nxc7 Bxc7 36. Rc5 Re7 37. Ba5 Bxa5 38. Rxa5 Kf8 39. Rh5 Rc7 40. Rxh4 Rd5 41. Rh8+ Ke7 42. Kg2 Rb5 43. h4 Rb2 44. Kg3 Kd6 45. h5 Re7 46. g5 Rb5 47. Kf4 Re6 48. Rd8+ Ke7 49. c7 Rxb7 50. c8Q Reb6 51. Re8+ Kd6 52. h6 Rb2 53. Qxb7 Rxb7 54. hxg7 f6 55. Rd8+ Ke7 56. g8Q fxg5+ 57. Qxg5+ 1-0